[Event "Titled Tuesday intern op 7th Mar Early"]
[Site "Chess.com INT"]
[Date "2023.03.07"]
[Round "9"]
[White "Bruned, Boris"]
[Black "Sarkar, Justin"]
[Result "1-0"]
[WhiteElo "2133"]
[BlackElo "2338"]
[PlyCount "63"]
[EventDate "2023.03.07"]
[EventType "swiss (blitz)"]
[EventRounds "11"]
[EventCountry "USA"]
[SourceTitle "EXT 2024"]
[Source "ChessBase"]
[SourceDate "2023.10.10"]
[SourceVersion "1"]
[SourceVersionDate "2023.10.10"]
[SourceQuality "1"]

1. b3 c5 2. Bb2 Nc6 3. Nf3 d6 4. d4 cxd4 5. Nxd4 Nf6 6. e3 e5 7. Nxc6 bxc6 8. c4 Be7 9. Be2 0-0 10. 0-0 Nd7 11. Nc3 f5 12. Ba3 Qc7 13. Qd2 Nf6 14. Rad1 Rd8 15. f4 e4 16. h3 h5 17. Rc1 h4 18. Rfd1 Be6 19. Qe1 Nh7 20. Nd5 Qb7 21. Nxe7+ Qxe7 22. Qd2 c5 23. Qa5 Nf6 24. Rd2 Rd7 25. Rcd1 Qd8 26. Qa6 Qb6 27. Qa4 Rad8 28. Bb2 d5 29. Bxf6 gxf6 30. cxd5 Rxd5 31. Bc4 Rxd2 32. Bxe6+ 1-0

[Event "Titled Tuesday intern op 7th Mar Early"]
[Site "Chess.com INT"]
[Date "2023.03.07"]
[Round "11"]
[White "Bruned, Boris"]
[Black "Shevtchenko, Olesya"]
[Result "1-0"]
[WhiteElo "2133"]
[BlackElo "2054"]
[PlyCount "129"]
[EventDate "2023.03.07"]
[EventType "swiss (blitz)"]
[EventRounds "11"]
[EventCountry "USA"]
[SourceTitle "EXT 2024"]
[Source "ChessBase"]
[SourceDate "2023.10.10"]
[SourceVersion "1"]
[SourceVersionDate "2023.10.10"]
[SourceQuality "1"]

1. b3 b5 2. Bb2 Bb7 3. a4 a6 4. e3 b4 5. d3 e6 6. Nd2 Nf6 7. Ngf3 d5 8. g3 Nbd7 9. Bg2 Bd6 10. Qe2 0-0 11. e4 e5 12. exd5 Nxd5 13. 0-0 Re8 14. Nc4 Nc3 15. Qd2 e4 16. Nd4 Bc5 17. Bxc3 bxc3 18. Qxc3 Qf6 19. Ne2 Qxc3 20. Nxc3 Bd4 21. Nxe4 Bxa1 22. Rxa1 f5 23. Ned6 cxd6 24. Bxb7 Ra7 25. Nxd6 Kf8 26. Nxe8 Rxb7 27. Nd6 Rc7 28. Nc4 Nf6 29. f4 Re7 30. Ne5 Rc7 31. c4 a5 32. d4 Rb7 33. Rb1 Ne4 34. Rb2 Nc3 35. Nc6 Nxa4 36. Ra2 Nc3 37. Nxa5 Re7 38. Rc2 Ne2+ 39. Kf2 Nxd4 40. Rc3 Re2+ 41. Kf1 Rxh2 42. b4 Rb2 43. b5 Ke7 44. Rd3 Ne6 45. Nc6+ Kf6 46. Rc3 Nc5 47. Re3 Ne4 48. Ke1 Rb1+ 49. Ke2 Rb2+ 50. Kd1 Ke6 51. Kc1 Rg2 52. b6 Rg1+ 53. Kc2 Rg2+ 54. Kb3 Rg1 55. Nb4 Rb1+ 56. Ka4 Kd6 57. Kb5 Kd7 58. Rd3+ Kc8 59. c5 Rc1 60. c6 Rc5+ 61. Ka6 Rc4 62. b7+ Kc7 63. Rd7+ Kb8 64. Rd8+ Kc7 65. b8Q# 1-0

[Event "Titled Tuesday intern op 7th Mar Early"]
[Site "Chess.com INT"]
[Date "2023.03.07"]
[Round "2"]
[White "Karas, Marek"]
[Black "Bruned, Boris"]
[Result "1-0"]
[WhiteElo "2236"]
[BlackElo "2133"]
[PlyCount "77"]
[EventDate "2023.03.07"]
[EventType "swiss (blitz)"]
[EventRounds "11"]
[EventCountry "USA"]
[SourceTitle "EXT 2024"]
[Source "ChessBase"]
[SourceDate "2023.10.10"]
[SourceVersion "1"]
[SourceVersionDate "2023.10.10"]
[SourceQuality "1"]

1. e3 b6 2. Nf3 Bb7 3. c4 e6 4. b3 Nf6 5. Bb2 d5 6. Nc3 Be7 7. Qc2 c5 8. cxd5 exd5 9. d4 0-0 10. Be2 Nbd7 11. 0-0 Bd6 12. Rfd1 a6 13. Rac1 Qe7 14. Qf5 g6 15. Qg5 cxd4 16. Nxd4 Qe5 17. Qxe5 Nxe5 18. h3 Rac8 19. Na4 b5 20. Nc3 h5 21. Nf3 Ned7 22. Nb1 Rfe8 23. Rxc8 Rxc8 24. Rc1 Re8 25. Ba3 Bb8 26. Nd4 Ba7 27. Bb2 Bb6 28. Bf3 Ne4 29. Nc3 Ndf6 30. Nxe4 dxe4 31. Be2 Nd7 32. Ba1 Ne5 33. a4 b4 34. Rd1 f6 35. Nc2 Rd8 36. Rxd8+ Bxd8 37. Nxb4 Kf7 38. Bxa6 Nd3 39. Bxb7 1-0

[Event "Titled Tuesday intern op 07th Feb Early"]
[Site "Chess.com INT"]
[Date "2023.02.07"]
[Round "2"]
[White "Bruned, Boris"]
[Black "Vlassov, Nikolai"]
[Result "0-1"]
[WhiteElo "2133"]
[BlackElo "2283"]
[PlyCount "36"]
[EventDate "2023.02.07"]
[EventType "swiss (blitz)"]
[EventRounds "11"]
[EventCountry "USA"]
[SourceTitle "EXT 2024"]
[Source "ChessBase"]
[SourceDate "2023.10.10"]
[SourceVersion "1"]
[SourceVersionDate "2023.10.10"]
[SourceQuality "1"]

1. b3 e5 2. Bb2 Nc6 3. e3 a6 4. Nf3 e4 5. Nd4 Qf6 6. Qc1 Qg6 7. Nxc6 dxc6 8. h4 Nf6 9. g3 Bg4 10. Bg2 0-0-0 11. Nc3 Bf3 12. Bxf3 exf3 13. d3 Bb4 14. a3 Bxc3+ 15. Bxc3 Rhe8 16. Qb2 Ng4 17. 0-0 Nxe3 18. Rfe1 Qg4 0-1

[Event "Titled Tuesday intern op 07th Feb Early"]
[Site "Chess.com INT"]
[Date "2023.02.07"]
[Round "6"]
[White "Jimenez Almeida, Luis David"]
[Black "Bruned, Boris"]
[Result "1-0"]
[WhiteElo "2241"]
[BlackElo "2133"]
[PlyCount "42"]
[EventDate "2023.02.07"]
[EventType "swiss (blitz)"]
[EventRounds "11"]
[EventCountry "USA"]
[SourceTitle "EXT 2024"]
[Source "ChessBase"]
[SourceDate "2023.10.10"]
[SourceVersion "1"]
[SourceVersionDate "2023.10.10"]
[SourceQuality "1"]

1. e4 b6 2. d4 Bb7 3. Bd3 e6 4. Qe2 d5 5. exd5 Qxd5 6. Nf3 Nf6 7. c4 Bb4+ 8. Bd2 Bxd2+ 9. Nbxd2 Qd8 10. d5 0-0 11. dxe6 fxe6 12. 0-0 Kh8 13. Rad1 Nbd7 14. Rfe1 Nc5 15. Bc2 Qe7 16. Ne5 a5 17. b3 Rad8 18. a3 Nfd7 19. Qh5 Nf6 20. Ng6+ Kg8 21. Nxe7+ Kh8 1-0

[Event "Titled Tuesday intern op 13th Dec Early"]
[Site "Chess.com INT"]
[Date "2022.12.13"]
[Round "8"]
[White "Bogaudinov, Rushan"]
[Black "Bruned, Boris"]
[Result "1-0"]
[WhiteElo "2003"]
[BlackElo "2133"]
[PlyCount "53"]
[EventDate "2022.12.13"]
[EventType "swiss (blitz)"]
[EventRounds "11"]
[EventCountry "USA"]
[SourceTitle "EXT 2024"]
[Source "ChessBase"]
[SourceDate "2023.10.10"]
[SourceVersion "1"]
[SourceVersionDate "2023.10.10"]
[SourceQuality "1"]

1. a3 b6 2. b4 Bb7 3. Bb2 a5 4. b5 Nf6 5. h4 e6 6. h5 h6 7. d3 d6 8. e4 Nbd7 9. Be2 e5 10. Nh3 Nc5 11. a4 Bc8 12. Nc3 Be6 13. 0-0 Qc8 14. Kh2 Bxh3 15. gxh3 Ne6 16. Bg4 Qd8 17. Bxe6 fxe6 18. f4 exf4 19. Rxf4 e5 20. Rf5 Qd7 21. Qf3 0-0-0 22. Rg1 Rh7 23. Rg6 Be7 24. Bc1 Kb8 25. Be3 Qe6 26. Bf2 Qd7 27. Bh4 1-0

[Event "Titled Tuesday intern op 13th Dec Early"]
[Site "Chess.com INT"]
[Date "2022.12.13"]
[Round "7"]
[White "Bruned, Boris"]
[Black "Balint, Vilmos"]
[Result "0-1"]
[WhiteElo "2133"]
[BlackElo "2242"]
[PlyCount "58"]
[EventDate "2022.12.13"]
[EventType "swiss (blitz)"]
[EventRounds "11"]
[EventCountry "USA"]
[SourceTitle "EXT 2024"]
[Source "ChessBase"]
[SourceDate "2023.10.10"]
[SourceVersion "1"]
[SourceVersionDate "2023.10.10"]
[SourceQuality "1"]

1. b3 a5 2. Bb2 a4 3. a3 axb3 4. cxb3 Nf6 5. g3 e6 6. Bg2 Be7 7. e3 0-0 8. Ne2 Nc6 9. 0-0 d5 10. f4 b6 11. b4 Ba6 12. d3 Ng4 13. Qd2 Bf6 14. Bxf6 Qxf6 15. d4 Bc4 16. Nbc3 h5 17. h3 Nh6 18. Kh2 Ra7 19. e4 Qd8 20. exd5 exd5 21. f5 f6 22. Rf2 Qd7 23. Nf4 Nxf5 24. Nfxd5 Nfxd4 25. Nf4 h4 26. b5 hxg3+ 27. Kxg3 Ne5 28. Kh2 Ndf3+ 29. Bxf3 Nxf3+ 0-1

[Event "Titled Tuesday intern op 25th Jan"]
[Site "Chess.com INT"]
[Date "2022.01.25"]
[Round "6"]
[White "Bruned, Boris"]
[Black "Csonka, Balazs"]
[Result "0-1"]
[WhiteElo "2133"]
[BlackElo "2474"]
[PlyCount "88"]
[EventDate "2022.01.25"]
[EventType "swiss (blitz)"]
[EventRounds "11"]
[EventCountry "USA"]
[SourceTitle "CBM 206 Extra"]
[Source "ChessBase"]
[SourceDate "2022.03.31"]
[SourceVersion "1"]
[SourceVersionDate "2022.03.31"]
[SourceQuality "1"]

1. b3 e5 2. Bb2 Nc6 3. e3 g6 4. Nf3 Bg7 5. d4 exd4 6. Nxd4 Nxd4 7. Bxd4 Nf6 8. c4 0-0 9. Be2 d5 10. 0-0 b6 11. Bf3 Bb7 12. Nc3 c5 13. Bxf6 Qxf6 14. Nxd5 Qxa1 15. Ne7+ Kh8 16. Bxb7 Qxd1 17. Rxd1 Rad8 18. Bd5 Rd7 19. Nc6 Rc8 20. Rc1 Rdc7 21. Rd1 Bf6 22. f4 Rxc6 23. Bxc6 Rxc6 24. Rd7 Kg7 25. Rxa7 Rd6 26. Kf2 Rd2+ 27. Kf3 Bc3 28. Rb7 Ba5 29. a3 Rb2 30. b4 cxb4 31. axb4 Rxb4 32. Rc7 Rb3 33. Rc6 Bd2 34. Kf2 Bxe3+ 35. Kf3 Bc5+ 36. Ke4 Rb2 37. g4 Rxh2 38. f5 gxf5+ 39. gxf5 Rf2 40. Ke5 h5 41. Rc8 h4 42. Ra8 h3 43. Ra1 h2 44. Rh1 Rc2 0-1

[Event "Titled Tuesday intern op 25th Jan"]
[Site "Chess.com INT"]
[Date "2022.01.25"]
[Round "11"]
[White "Bruned, Boris"]
[Black "Petrovic, Aleksa"]
[Result "0-1"]
[WhiteElo "2133"]
[BlackElo "2296"]
[PlyCount "80"]
[EventDate "2022.01.25"]
[EventType "swiss (blitz)"]
[EventRounds "11"]
[EventCountry "USA"]
[SourceTitle "CBM 206 Extra"]
[Source "ChessBase"]
[SourceDate "2022.03.31"]
[SourceVersion "1"]
[SourceVersionDate "2022.03.31"]
[SourceQuality "1"]

1. b3 e5 2. Bb2 Nc6 3. e3 Nh6 4. Nf3 d6 5. d4 e4 6. d5 Ne7 7. Ng1 f5 8. Nc3 Neg8 9. Nh3 Nf6 10. Qd2 g6 11. 0-0-0 Bg7 12. f3 0-0 13. Ng5 exf3 14. gxf3 Re8 15. h4 Nh5 16. e4 Be5 17. Ne6 Bxe6 18. Kb1 Bf7 19. Rg1 Bf4 20. Qg2 Qf6 21. exf5 Nxf5 22. Ne4 Qe7 23. Bd3 Be5 24. Bxe5 Qxe5 25. Qg5 Kh8 26. f4 Qg7 27. Qg4 Ne3 28. Qf3 Nxd1 29. Rxd1 Bxd5 30. Qg2 Nf6 31. Re1 Nxe4 32. Bxe4 Rxe4 33. Rxe4 Bxe4 34. Qxe4 c6 35. a4 Rf8 36. Qc4 Qf7 37. Qd3 Qxf4 38. Qc3+ Qf6 39. Qd3 Qf1+ 40. Ka2 Qxd3 0-1

[Event "Titled Tuesday intern op 25th Jan"]
[Site "Chess.com INT"]
[Date "2022.01.25"]
[Round "3"]
[White "Bruned, Boris"]
[Black "Pinto, Daniel"]
[Result "1-0"]
[WhiteElo "2133"]
[BlackElo "2211"]
[PlyCount "123"]
[EventDate "2022.01.25"]
[EventType "swiss (blitz)"]
[EventRounds "11"]
[EventCountry "USA"]
[SourceTitle "CBM 206 Extra"]
[Source "ChessBase"]
[SourceDate "2022.03.31"]
[SourceVersion "1"]
[SourceVersionDate "2022.03.31"]
[SourceQuality "1"]

1. b3 Nf6 2. Bb2 g6 3. Bxf6 exf6 4. c4 Bg7 5. Nc3 0-0 6. g3 d6 7. Bg2 f5 8. e3 Nc6 9. d4 g5 10. Nge2 Bd7 11. Qd3 Re8 12. a3 a6 13. b4 f4 14. gxf4 gxf4 15. Nxf4 Nxd4 16. 0-0 Bf5 17. Qd2 Ne6 18. Ncd5 c6 19. Nxe6 fxe6 20. Nc3 d5 21. cxd5 cxd5 22. Rac1 Qg5 23. Kh1 Kh8 24. Ne2 Re7 25. Rg1 Qh4 26. Ng3 Bg6 27. Rc5 Rd8 28. Rgc1 Be5 29. Rc8 Red7 30. Rxd8+ Qxd8 31. Qe2 Rc7 32. Qd2 Qc8 33. Rxc7 Qxc7 34. Ne2 Qc2 35. Qxc2 Bxc2 36. Nd4 Bxd4 37. exd4 Kg7 38. Bh3 Kf6 39. f4 Bf5 40. Bf1 Bg4 41. Bd3 Bf5 42. Bf1 Kg6 43. Kg1 Kh5 44. Be2+ Kh4 45. Kg2 Be4+ 46. Kf2 Kh3 47. Kg1 h6 48. Bh5 Bf5 49. Be2 Be4 50. Bh5 Kh4 51. Be2 Bf5 52. Kf2 Bg4 53. Bf1 Bf5 54. Kf3 Be4+ 55. Ke3 Kg4 56. a4 Bc2 57. a5 Be4 58. b5 axb5 59. Bxb5 Bg2 60. Bd7 Kf5 61. Bc8 Bf1 62. Bxb7 1-0

[Event "Titled Tuesday intern op 25th Jan"]
[Site "Chess.com INT"]
[Date "2022.01.25"]
[Round "10"]
[White "Saito, Vinicius Ikezu"]
[Black "Bruned, Boris"]
[Result "0-1"]
[WhiteElo "2125"]
[BlackElo "2133"]
[PlyCount "104"]
[EventDate "2022.01.25"]
[EventType "swiss (blitz)"]
[EventRounds "11"]
[EventCountry "USA"]
[SourceTitle "CBM 206 Extra"]
[Source "ChessBase"]
[SourceDate "2022.03.31"]
[SourceVersion "1"]
[SourceVersionDate "2022.03.31"]
[SourceQuality "1"]

1. e4 b6 2. d4 Bb7 3. Bd3 e6 4. Qe2 d5 5. e5 c5 6. c3 Qc8 7. Nf3 cxd4 8. Bb5+ Bc6 9. cxd4 Bxb5 10. Qxb5+ Qc6 11. Nc3 Qxb5 12. Nxb5 Kd7 13. Bd2 a6 14. Nc3 Nc6 15. Rc1 f6 16. exf6 gxf6 17. 0-0 Bd6 18. Rfe1 Nge7 19. Na4 Rab8 20. a3 Nf5 21. Be3 h5 22. h3 Rhg8 23. Kf1 Na5 24. Bd2 Nc4 25. Bc3 b5 26. Nc5+ Bxc5 27. dxc5 e5 28. Rcd1 d4 29. b3 Nxa3 30. Bb2 b4 31. Re2 Rbc8 32. Rc1 Kc6 33. Bxa3 bxa3 34. Ra2 Kb5 35. Rxa3 Rxc5 36. Rca1 Ra8 37. Nd2 Nd6 38. Ke2 Rc3 39. Ra5+ Kb6 40. Rd5 Kc6 41. Raa5 Nb5 42. Ne4 Rxb3 43. Rc5+ Kb6 44. Ra4 Nc3+ 45. Nxc3 Kxc5 46. Ne4+ Kb5 47. Ra2 a5 48. Nxf6 a4 49. Nd7 a3 50. Nxe5 Rb2+ 51. Rxb2+ axb2 52. Nd3 b1Q 0-1

[Event "Titled Tuesday intern op 25th Jan"]
[Site "Chess.com INT"]
[Date "2022.01.25"]
[Round "5"]
[White "Shvedova, Alexandra"]
[Black "Bruned, Boris"]
[Result "1-0"]
[WhiteElo "2065"]
[BlackElo "2133"]
[PlyCount "81"]
[EventDate "2022.01.25"]
[EventType "swiss (blitz)"]
[EventRounds "11"]
[EventCountry "USA"]
[SourceTitle "CBM 206 Extra"]
[Source "ChessBase"]
[SourceDate "2022.03.31"]
[SourceVersion "1"]
[SourceVersionDate "2022.03.31"]
[SourceQuality "1"]

1. e4 b6 2. d4 Bb7 3. Nc3 e6 4. Bd3 Bb4 5. Qg4 Nf6 6. Qe2 d5 7. e5 Ne4 8. Bd2 Nxd2 9. Qxd2 Be7 10. Nce2 c5 11. c3 Ba6 12. Bxa6 Nxa6 13. f4 g6 14. Nf3 h5 15. g3 Nb8 16. 0-0 Nc6 17. b3 Kf8 18. h3 Kg7 19. Kg2 cxd4 20. cxd4 Rc8 21. g4 hxg4 22. hxg4 Bb4 23. Qd3 Qd7 24. a3 Be7 25. b4 a5 26. b5 Na7 27. a4 Bb4 28. Rh1 Rxh1 29. Rxh1 Rh8 30. Rxh8 Kxh8 31. Ng5 Kg7 32. Qh3 Qe8 33. Qh7+ Kf8 34. Qh8+ Ke7 35. Qf6+ Kf8 36. f5 exf5 37. gxf5 Kg8 38. fxg6 fxg6 39. Nf4 Be7 40. Qe6+ Kg7 41. Nxd5 1-0

[Event "Titled Tuesday intern op 14th Dec"]
[Site "Chess.com INT"]
[Date "2021.12.14"]
[Round "4"]
[White "Bruned, Boris"]
[Black "Marczuk, Dominik"]
[Result "0-1"]
[WhiteElo "2133"]
[BlackElo "2281"]
[PlyCount "26"]
[EventDate "2021.12.14"]
[EventType "swiss (blitz)"]
[EventRounds "11"]
[EventCountry "USA"]
[SourceTitle "EXT 2023"]
[Source "ChessBase"]
[SourceDate "2022.10.05"]
[SourceVersion "1"]
[SourceVersionDate "2022.10.05"]
[SourceQuality "1"]

1. b3 Nf6 2. Bb2 c5 3. Nf3 Nc6 4. e3 d6 5. d4 Bg4 6. dxc5 dxc5 7. Nc3 a6 8. a4 e6 9. h3 Bh5 10. Bc4 Qc7 11. Qe2 Ne5 12. Nd5 Nxf3+ 13. Qxf3 exd5 0-1

[Event "Titled Tuesday intern op 14th Dec"]
[Site "Chess.com INT"]
[Date "2021.12.14"]
[Round "5"]
[White "Lakshmi, Chidambaram"]
[Black "Bruned, Boris"]
[Result "1-0"]
[WhiteElo "2058"]
[BlackElo "2133"]
[PlyCount "77"]
[EventDate "2021.12.14"]
[EventType "swiss (blitz)"]
[EventRounds "11"]
[EventCountry "USA"]
[SourceTitle "EXT 2023"]
[Source "ChessBase"]
[SourceDate "2022.10.05"]
[SourceVersion "1"]
[SourceVersionDate "2022.10.05"]
[SourceQuality "1"]

1. e4 b6 2. d4 Bb7 3. Bd3 e6 4. f4 c5 5. c3 cxd4 6. cxd4 Nf6 7. Qe2 Nc6 8. Nf3 Bb4+ 9. Nc3 d5 10. e5 Ne4 11. Bd2 Nxd2 12. Qxd2 g6 13. 0-0 h5 14. a3 Be7 15. Bc2 Ba6 16. Rf2 0-0 17. h3 h4 18. Kh2 Kg7 19. Rg1 Rh8 20. Ng5 Rh5 21. Nf3 Na5 22. b3 Bxa3 23. Bd1 Bb4 24. Qe3 Rc8 25. Ne2 Bxe2 26. Qxe2 Rc3 27. g4 hxg3+ 28. Rxg3 Nxb3 29. Rfg2 Qh8 30. Qb2 Nxd4 31. Qxb4 Nxf3+ 32. Bxf3 Rh4 33. Rxg6+ fxg6 34. Qe7+ Kh6 35. Qxh4+ Kg7 36. Qe7+ Kh6 37. Qg5+ Kg7 38. Qxg6+ Kf8 39. Bh5 1-0

[Event "Titled Tuesday intern op 14th Dec"]
[Site "Chess.com INT"]
[Date "2021.12.14"]
[Round "3"]
[White "Yang, Kevin S"]
[Black "Bruned, Boris"]
[Result "1-0"]
[WhiteElo "2122"]
[BlackElo "2133"]
[PlyCount "115"]
[EventDate "2021.12.14"]
[EventType "swiss (blitz)"]
[EventRounds "11"]
[EventCountry "USA"]
[SourceTitle "EXT 2023"]
[Source "ChessBase"]
[SourceDate "2022.10.05"]
[SourceVersion "1"]
[SourceVersionDate "2022.10.05"]
[SourceQuality "1"]

1. e4 b6 2. d4 Bb7 3. Bd3 e6 4. Qe2 d5 5. e5 c5 6. c3 Qc8 7. Nd2 Ba6 8. Bb5+ Bxb5 9. Qxb5+ Qc6 10. a4 a6 11. Qd3 Qc7 12. Ne2 Nc6 13. 0-0 cxd4 14. cxd4 Nb4 15. Qg3 Nh6 16. Nb3 Nf5 17. Qh3 Nc2 18. Rb1 Qc4 19. Qf3 Nfxd4 20. Nexd4 Nxd4 21. Nxd4 Qxd4 22. Be3 Qxe5 23. Bxb6 Bb4 24. Qb3 Qd6 25. a5 0-0 26. Rfc1 Rfc8 27. Qd3 Rxc1+ 28. Rxc1 h6 29. h3 Qf4 30. Rc6 Bd6 31. g3 Qe5 32. Bd4 Qe1+ 33. Kg2 Bb4 34. Bb6 Qa1 35. Qc2 Bxa5 36. Rc8+ Rxc8 37. Qxc8+ Kh7 38. Qxa6 Qe1 39. Qxa5 Qe4+ 40. Kh2 Qe2 41. Qc3 e5 42. Kg2 d4 43. Qb3 Qe4+ 44. Qf3 Qc2 45. Qxf7 Qxb2 46. Qf5+ Kg8 47. Qe6+ Kh7 48. Bc7 d3 49. Bxe5 Qe2 50. Qf5+ Kg8 51. Qe6+ Kh7 52. Qe7 Qe4+ 53. Kh2 Qg6 54. Qd7 Qg5 55. Qxd3+ Kg8 56. Qd5+ Kh7 57. Qe4+ Kg8 58. Bf4 1-0

[Event "Titled Tuesday intern op 07th Dec"]
[Site "Chess.com INT"]
[Date "2021.12.07"]
[Round "1"]
[White "Florescu, Codrut Constantin"]
[Black "Bruned, Boris"]
[Result "1-0"]
[WhiteElo "2285"]
[BlackElo "2133"]
[PlyCount "27"]
[EventDate "2021.12.07"]
[EventType "swiss (blitz)"]
[EventRounds "11"]
[EventCountry "USA"]
[SourceTitle "CBM 205 Extra"]
[Source "ChessBase"]
[SourceDate "2022.01.31"]
[SourceVersion "1"]
[SourceVersionDate "2022.01.31"]
[SourceQuality "1"]

1. d4 b6 2. e4 Bb7 3. Nc3 e6 4. Bd3 Bb4 5. Nge2 d5 6. e5 Ne7 7. 0-0 Ba6 8. Ng3 Bxc3 9. bxc3 c5 10. Nh5 0-0 11. Qg4 Ng6 12. Bg5 Qd7 13. Bf6 Bxd3 14. cxd3 1-0

[Event "Titled Tuesday intern op 30th Nov"]
[Site "Chess.com INT"]
[Date "2021.11.30"]
[Round "11"]
[White "Bruned, Boris"]
[Black "Cella, Glaucio Dalla Cortt"]
[Result "1-0"]
[WhiteElo "2133"]
[BlackElo "1919"]
[PlyCount "113"]
[EventDate "2021.11.30"]
[EventType "swiss (blitz)"]
[EventRounds "11"]
[EventCountry "USA"]
[SourceTitle "CBM 205 Extra"]
[Source "ChessBase"]
[SourceDate "2022.01.31"]
[SourceVersion "1"]
[SourceVersionDate "2022.01.31"]
[SourceQuality "1"]

1. b3 c5 2. Bb2 Nf6 3. e3 d6 4. d4 Nc6 5. Nf3 g6 6. dxc5 dxc5 7. Qxd8+ Nxd8 8. Nc3 Bg7 9. 0-0-0 0-0 10. h3 a6 11. a4 Nc6 12. Kb1 Bf5 13. g4 Be4 14. Nxe4 Nxe4 15. Rh2 Bxb2 16. Kxb2 Rfd8 17. Bd3 Nb4 18. Ne1 Nxd3+ 19. Rxd3 b5 20. f3 Nf6 21. Rhd2 Rxd3 22. Rxd3 c4 23. bxc4 bxc4 24. Rd4 Rb8+ 25. Kc3 e6 26. Rxc4 Nd5+ 27. Kd3 Rb1 28. Ng2 Rg1 29. Nf4 Nxf4+ 30. Rxf4 Rh1 31. Rc4 Rxh3 32. f4 h5 33. gxh5 gxh5 34. Rc8+ Kg7 35. c4 Rh1 36. c5 h4 37. c6 h3 38. Kd2 h2 39. c7 Rd1+ 40. Kxd1 h1Q+ 41. Kd2 Qd5+ 42. Ke1 Qh1+ 43. Kd2 Qg2+ 44. Ke1 Qb7 45. Rd8 Qxc7 46. Rd4 e5 47. fxe5 Qxe5 48. Ke2 Qh2+ 49. Kd3 Qa2 50. Ke4 a5 51. Kf3 f6 52. Rf4 Qd5+ 53. Ke2 Kg6 54. Kf2 Qd2+ 55. Kf3 f5 56. Rd4 Kg5 57. Rxd2 1-0

[Event "Titled Tuesday intern op 30th Nov"]
[Site "Chess.com INT"]
[Date "2021.11.30"]
[Round "3"]
[White "Bruned, Boris"]
[Black "Obolentseva, Alexandra"]
[Result "0-1"]
[WhiteElo "2133"]
[BlackElo "2305"]
[PlyCount "112"]
[EventDate "2021.11.30"]
[EventType "swiss (blitz)"]
[EventRounds "11"]
[EventCountry "USA"]
[SourceTitle "CBM 205 Extra"]
[Source "ChessBase"]
[SourceDate "2022.01.31"]
[SourceVersion "1"]
[SourceVersionDate "2022.01.31"]
[SourceQuality "1"]

1. b3 d5 2. Bb2 c5 3. e3 Nc6 4. Bb5 Bd7 5. Nf3 Nf6 6. 0-0 g6 7. Bxc6 Bxc6 8. Ne5 Bg7 9. Nxc6 bxc6 10. d3 0-0 11. Nd2 d4 12. e4 Qd7 13. a4 Bh6 14. Ba3 Nh5 15. Bxc5 Nf4 16. Nf3 Qg4 17. g3 Nh3+ 18. Kg2 Nf4+ 19. Kh1 Ne6 20. Bxd4 f5 21. Bb2 fxe4 22. Ne5 Qf5 23. dxe4 Qxe4+ 24. f3 Qf5 25. Qd3 Qxd3 26. Nxd3 Rad8 27. Rae1 Ng5 28. f4 Nf7 29. Rxe7 Rfe8 30. Rfe1 Rxe7 31. Rxe7 a6 32. Kg2 Bf8 33. Ra7 Re8 34. Kf3 Nd6 35. Rxa6 Ne4 36. Rxc6 Nd2+ 37. Kf2 Ne4+ 38. Kg2 g5 39. Be5 g4 40. a5 h5 41. a6 h4 42. gxh4 Ra8 43. Rb6 Kf7 44. Nb4 Nd2 45. Rb7+ Ke6 46. a7 Bxb4 47. Rxb4 Rxa7 48. Rb6+ Kf5 49. Rf6+ Ke4 50. Rd6 Nf3 51. Rd3 Ra2 52. Rc3 Ne1+ 53. Kf2 Nxc2 54. Rc4+ Kf5 55. Kg3 Ne3 56. Rc3 Rg2# 0-1

[Event "Titled Tuesday intern op 30th Nov"]
[Site "Chess.com INT"]
[Date "2021.11.30"]
[Round "1"]
[White "Bruned, Boris"]
[Black "Papp, Levente"]
[Result "0-1"]
[WhiteElo "2133"]
[BlackElo "2391"]
[PlyCount "150"]
[EventDate "2021.11.30"]
[EventType "swiss (blitz)"]
[EventRounds "11"]
[EventCountry "USA"]
[SourceTitle "CBM 205 Extra"]
[Source "ChessBase"]
[SourceDate "2022.01.31"]
[SourceVersion "1"]
[SourceVersionDate "2022.01.31"]
[SourceQuality "1"]

1. b3 Nf6 2. Bb2 g6 3. Bxf6 exf6 4. c4 Bg7 5. Nc3 0-0 6. g3 f5 7. Bg2 d6 8. e3 a5 9. d4 Nd7 10. Nge2 Nb6 11. 0-0 a4 12. Qd3 axb3 13. axb3 Rxa1 14. Rxa1 c6 15. h4 Qc7 16. Rc1 Rd8 17. b4 Be6 18. Nd5 cxd5 19. cxd5 Qxc1+ 20. Nxc1 Nxd5 21. Qd2 Rc8 22. Ne2 b5 23. Nf4 Nxf4 24. gxf4 Bc4 25. Bf3 Bf6 26. h5 Kh8 27. Kg2 gxh5 28. Bxh5 Bd5+ 29. f3 Rg8+ 30. Kh3 Rg1 31. Kh2 Ra1 32. Qd3 Ra2+ 33. Kg3 Bc4 34. Qxf5 Kg7 35. Qg4+ Kh6 36. Qf5 Kg7 37. Bg4 Ra1 38. Qd7 Rg1+ 39. Kh2 Re1 40. e4 Bxd4 41. Qxd6 Bc3 42. e5 Re2+ 43. Kg3 Be1+ 44. Kh3 Re3 45. Qf6+ Kf8 46. Bh5 Bf1+ 47. Kg4 Bc4 48. Kh3 Bxb4 49. Qd8+ Kg7 50. Qg5+ Kf8 51. Qd8+ Kg7 52. Qf6+ Kg8 53. Qg5+ Kh8 54. Qf6+ Kg8 55. Qd8+ Bf8 56. Qg5+ Bg7 57. Qd8+ Bf8 58. Qg5+ Kh8 59. f5 h6 60. Qf6+ Bg7 61. Qd8+ Kh7 62. Qe7 Rxe5 63. Qd7 Bd5 64. Bxf7 Bxf3 65. Bg6+ Kg8 66. Qd8+ Bf8 67. Qb6 Bd5 68. Qxb5 Re3+ 69. Kh4 Be7+ 70. Kg4 Re4+ 71. Kg3 Bd6+ 72. Kf2 Rd4 73. Qe8+ Bf8 74. Qb5 Bc4 75. Qc5 Bxc5 0-1

[Event "Titled Tuesday intern op 30th Nov"]
[Site "Chess.com INT"]
[Date "2021.11.30"]
[Round "5"]
[White "Bruned, Boris"]
[Black "Richter, Nils"]
[Result "0-1"]
[WhiteElo "2133"]
[BlackElo "2275"]
[PlyCount "86"]
[EventDate "2021.11.30"]
[EventType "swiss (blitz)"]
[EventRounds "11"]
[EventCountry "USA"]
[SourceTitle "CBM 205 Extra"]
[Source "ChessBase"]
[SourceDate "2022.01.31"]
[SourceVersion "1"]
[SourceVersionDate "2022.01.31"]
[SourceQuality "1"]

1. b3 a5 2. Bb2 a4 3. b4 e6 4. a3 Nf6 5. e3 d5 6. c4 c6 7. Nf3 Bd6 8. Nc3 dxc4 9. Bxc4 0-0 10. d4 Nbd7 11. 0-0 e5 12. dxe5 Nxe5 13. Nxe5 Bxe5 14. Qxd8 Rxd8 15. Rad1 Rxd1 16. Rxd1 Bf5 17. Nxa4 Bc2 18. Rc1 Bxh2+ 19. Kxh2 Bxa4 20. f3 Rd8 21. Bd4 Nd7 22. Kg3 Nf8 23. Kf2 Ne6 24. Bc3 Kf8 25. g3 Nc7 26. Ke2 Bb5 27. Bb2 f6 28. g4 Ke7 29. Bd4 h6 30. Bc5+ Ke8 31. Bb6 Bxc4+ 32. Rxc4 Rd7 33. Bxc7 Rxc7 34. b5 Kd7 35. bxc6+ Rxc6 36. Rxc6 Kxc6 37. Kd3 Kb5 38. Ke4 Ka4 39. Kf5 Kxa3 40. Kg6 b5 41. Kxg7 b4 42. Kxh6 b3 43. Kg6 b2 0-1